[Event "Rated Blitz game"]
[Site "?"]
[Date "2021.11.07"]
[Round "?"]
[White "SargisM"]
[Black "Ninepins99"]
[Result "0-1"]
[WhiteElo "2494"]
[BlackElo "2546"]
[PlyCount "64"]
[EventDate "2021.??.??"]
[EventType "blitz"]

1. e4 e5 2. Nf3 d5 3. Nxe5 Bd6 4. d4 dxe4 5. Qh5 Qe7 6. Bc4 Bxe5 7. dxe5 Nc6 8.
Bg5 Qb4+ 9. Nd2 g6 10. Qe2 Qxb2 11. O-O Qxe5 12. Nxe4 Bf5 13. Nf6+ Nxf6 14.
Qxe5+ Nxe5 15. Bxf6 Nxc4 16. Bxh8 O-O-O 17. Bf6 Rd6 18. Bg5 Bxc2 19. Rfe1 b5
20. Re8+ Kb7 21. Re7 f6 22. Bf4 Rc6 23. h4 h5 24. Rae1 Bf5 25. Rf7 Nb6 26. Rd1
a5 27. Be3 Nc4 28. Bd4 Ne5 29. Bxe5 fxe5 30. Rd5 Be6 31. Rxb5+ Ka6 32. Rxe5
Bxf7 {Normal} 0-1

[Event "Rated Blitz tournament xEHdF8T0"]
[Site "?"]
[Date "2021.11.07"]
[Round "?"]
[White "Roket_BKD"]
[Black "om_gendut"]
[Result "0-1"]
[WhiteElo "2415"]
[BlackElo "2461"]
[PlyCount "48"]
[EventDate "2021.??.??"]
[EventType "blitz"]

1. e4 e5 2. Nf3 d5 3. Nxe5 Bd6 4. d4 dxe4 5. Nc4 Be7 6. Nc3 Nf6 7. Be2 Bf5 8.
O-O O-O 9. d5 Nbd7 10. Bf4 Nb6 11. Nxb6 axb6 12. Re1 Bd6 13. Bg5 Be7 14. Bc4
Re8 15. Rb1 Nd7 16. Bxe7 Qxe7 17. Nb5 Ne5 18. Bf1 Red8 19. c4 Rac8 20. Nd4 Bg6
21. Qb3 Qf6 22. Ne2 Nd3 23. Ng3 Qxf2+ 24. Kh1 Nxe1 {Normal} 0-1

[Event "Rated Blitz game"]
[Site "?"]
[Date "2021.11.07"]
[Round "?"]
[White "chesssupersam"]
[Black "Tintyn"]
[Result "0-1"]
[WhiteElo "2481"]
[BlackElo "2468"]
[PlyCount "41"]
[EventDate "2021.??.??"]
[EventType "blitz"]

1. e4 e5 2. Nf3 d5 3. Nxe5 Bd6 4. d4 dxe4 5. Nc4 Nf6 6. Be2 O-O 7. O-O Nc6 8.
Bg5 Nxd4 9. Nxd6 Qxd6 10. Bc4 Bg4 11. Qd2 Rad8 12. h3 Bxh3 13. c3 Ng4 14. Bf4
Qg6 15. cxd4 Bxg2 16. Re1 Bf3 17. Bf1 Ne3+ 18. Bg3 Nxf1 19. Rxf1 Qh5 20. Bh2
Qg4+ 21. Bg3 {Normal} 0-1

[Event "Rated Blitz tournament xEHdF8T0"]
[Site "?"]
[Date "2021.11.07"]
[Round "?"]
[White "Pemain_Kandangan"]
[Black "om_gendut"]
[Result "1/2-1/2"]
[WhiteElo "2412"]
[BlackElo "2465"]
[PlyCount "22"]
[EventDate "2021.??.??"]
[EventType "blitz"]

1. e4 e5 2. Nf3 d5 3. Nxe5 Bd6 4. d4 dxe4 5. Nc4 Be7 6. Bf4 Nf6 7. c3 O-O 8.
Be2 Bf5 9. Ne3 Bg6 10. Nd2 Nbd7 11. O-O Nb6 {Normal} 1/2-1/2

[Event "Rated Blitz game"]
[Site "?"]
[Date "2021.11.07"]
[Round "?"]
[White "Ciclon2021"]
[Black "s_1704"]
[Result "0-1"]
[WhiteElo "2406"]
[BlackElo "2289"]
[PlyCount "64"]
[EventDate "2021.??.??"]
[EventType "blitz"]

1. e4 e5 2. Nf3 d5 3. Nxe5 Bd6 4. d4 dxe4 5. Be3 Bxe5 6. dxe5 Qxd1+ 7. Kxd1 Nc6
8. Nd2 Nxe5 9. Nxe4 Bf5 10. Ng3 O-O-O+ 11. Kc1 Bg6 12. h4 h5 13. Be2 Ne7 14. f4
Ng4 15. Bxg4+ hxg4 16. h5 Nf5 17. Nxf5 Bxf5 18. b3 Bg6 19. Kb2 Rxh5 20. Rxh5
Bxh5 21. Rh1 Bg6 22. Rh4 Bf5 23. Rh5 g6 24. Rh7 Re8 25. Bd4 Re2 26. Rxf7 Rxc2+
27. Ka3 Rxg2 28. Be5 Rc2 29. Kb4 b6 30. a4 g3 31. Rh7 g2 32. Bd4 Rc1 {Normal}
0-1

[Event "Rated Blitz game"]
[Site "?"]
[Date "2021.11.07"]
[Round "?"]
[White "Blue56"]
[Black "khalid_ontawar"]
[Result "0-1"]
[WhiteElo "2434"]
[BlackElo "2442"]
[PlyCount "76"]
[EventDate "2021.??.??"]
[EventType "blitz"]

1. e4 e5 2. Nf3 d5 3. Nxe5 Qe7 4. d4 f6 5. Nf3 dxe4 6. Nfd2 Nc6 7. Nb3 Bd7 8.
Be2 O-O-O 9. O-O f5 10. c4 g5 11. Nc3 f4 12. d5 Nb8 13. d6 cxd6 14. Nd5 Qe5 15.
Bd2 Qf5 16. Bc3 h5 17. Bxh8 g4 18. Nd4 Qg5 19. Re1 f3 20. Bf1 h4 21. g3 hxg3
22. fxg3 Ne7 23. Bf6 Qh5 24. Nxe7+ Bxe7 25. Bxe7 Re8 26. Rxe4 Nc6 27. Nxc6 Bxc6
28. Re3 Qc5 29. Kf2 Rxe7 30. Qd2 Rh7 31. h4 gxh3 32. Bd3 Re7 33. b4 Qg5 34. Rh1
h2 35. Rxh2 Rg7 36. Rh8+ Kc7 37. b5 Qxg3+ 38. Kf1 Qg1# {Normal} 0-1

[Event "Rated Blitz game"]
[Site "?"]
[Date "2021.11.07"]
[Round "?"]
[White "Kasubo"]
[Black "Annali-annaliew1979"]
[Result "0-1"]
[WhiteElo "2453"]
[BlackElo "2459"]
[PlyCount "96"]
[EventDate "2021.??.??"]
[EventType "blitz"]

1. e4 e5 2. Nf3 d5 3. Nxe5 Qe7 4. d4 f6 5. Nd3 Nc6 6. c3 Bf5 7. Be2 Bxe4 8. O-O
Qf7 9. Bf4 h5 10. Bf3 g5 11. Bc1 Bd6 12. Re1 f5 13. Bxg5 Nge7 14. Nc5 O-O-O 15.
Nd2 h4 16. h3 Rdg8 17. Bxe7 Qxe7 18. Ncxe4 dxe4 19. Bxe4 fxe4 20. Nxe4 Kb8 21.
Nxd6 Qxd6 22. Qd3 a6 23. Re4 Rh6 24. Rae1 Ka7 25. Re8 Rxe8 26. Rxe8 Re6 27.
Rxe6 Qxe6 28. d5 Qe1+ 29. Kh2 Qe5+ 30. Kg1 Ne7 31. c4 Nf5 32. b3 a5 33. a4 b6
34. Qf3 Qe1+ 35. Kh2 Qe5+ 36. g3 Kb8 37. Qf4 Qxf4 38. gxf4 Kc8 39. Kg2 Nd4 40.
f5 Kd7 41. f4 Ke7 42. Kf2 Kf6 43. Ke3 Nxb3 44. Ke4 Nc5+ 45. Kd4 Nxa4 46. d6
cxd6 47. Kd5 Nb2 48. Kxd6 Nxc4+ {Normal} 0-1

[Event "Rated Blitz tournament PeV604Sh"]
[Site "?"]
[Date "2021.11.07"]
[Round "?"]
[White "MW1966"]
[Black "cuerosky"]
[Result "1-0"]
[WhiteElo "2507"]
[BlackElo "2235"]
[PlyCount "95"]
[EventDate "2021.??.??"]
[EventType "blitz"]

1. e4 e5 2. Nf3 d5 3. exd5 e4 4. Qe2 Nf6 5. d3 Bb4+ 6. c3 O-O 7. dxe4 Bd6 8.
Nbd2 Re8 9. Qc4 c6 10. Be2 cxd5 11. exd5 b5 12. Qxb5 Ba6 13. O-O Bxb5 14. Bxb5
Nbd7 15. c4 a6 16. Bc6 Rc8 17. Nb3 Nc5 18. Bxe8 Qxe8 19. Nbd4 Nd3 20. b3 Ng4
21. h3 Nge5 22. Be3 Nxf3+ 23. Nxf3 Bc5 24. Bxc5 Nxc5 25. Rfe1 Qd8 26. Ne5 Qh4
27. Re3 h6 28. Nc6 Rf8 29. Rd1 f5 30. d6 Ne4 31. g3 Qxh3 32. d7 Nxf2 33. Kxf2
f4 34. gxf4 Rxf4+ 35. Ke2 Qg4+ 36. Ke1 Rf1+ 37. Kxf1 Qxd1+ 38. Kf2 Qxd7 39. Ne5
Qf5+ 40. Ke2 Qc2+ 41. Kf3 Qxa2 42. Ke4 h5 43. c5 Qb1+ 44. Kd5 Qd1+ 45. Rd3 Qh1+
46. Kd6 h4 47. c6 Qe4 48. c7 {Time forfeit} 1-0

[Event "Rated Blitz game"]
[Site "?"]
[Date "2021.11.07"]
[Round "?"]
[White "totoroo"]
[Black "khalid_ontawar"]
[Result "0-1"]
[WhiteElo "2407"]
[BlackElo "2446"]
[PlyCount "27"]
[EventDate "2021.??.??"]
[EventType "blitz"]

1. e4 e5 2. Nf3 d5 3. Nxe5 Qe7 4. d4 f6 5. Ng4 dxe4 6. Nc3 Bd7 7. Nd5 Qd8 8.
Bf4 Bd6 9. Bxd6 cxd6 10. Nge3 Ne7 11. Bc4 Nxd5 12. Nxd5 Be6 13. Qe2 Bxd5 14.
Bb5+ {Normal} 0-1

[Event "Rated Blitz tournament uENVlXZE"]
[Site "?"]
[Date "2021.11.07"]
[Round "?"]
[White "smihir6"]
[Black "greennight"]
[Result "0-1"]
[WhiteElo "2359"]
[BlackElo "2618"]
[PlyCount "68"]
[EventDate "2021.??.??"]
[EventType "blitz"]

1. e4 e5 2. Nf3 d5 3. d4 exd4 4. exd5 Nf6 5. Qxd4 Qxd5 6. Qxd5 Nxd5 7. a3 Bd6
8. Bd3 O-O 9. O-O Nf4 10. Bxf4 Bxf4 11. Nc3 c6 12. Rad1 Bg4 13. h3 Bxf3 14.
gxf3 g6 15. Rfe1 Bg5 16. Bc4 b5 17. Bb3 a5 18. Ne4 Be7 19. Nd6 Ra7 20. Kg2 Kg7
21. f4 Na6 22. f5 Nc5 23. Ba2 Bf6 24. Ne8+ Rxe8 25. Rxe8 Bxb2 26. fxg6 hxg6 27.
Rc8 Bxa3 28. Rxc6 Na4 29. Bb3 Bb2 30. Rd5 Nc3 31. Rdc5 a4 32. Bd5 Nxd5 33. Rxd5
a3 34. Rxb5 a2 {Normal} 0-1

[Event "Rated Blitz tournament SfLPJr6N"]
[Site "?"]
[Date "2021.11.07"]
[Round "?"]
[White "grzechu96"]
[Black "Frutek"]
[Result "0-1"]
[WhiteElo "2585"]
[BlackElo "2522"]
[PlyCount "80"]
[EventDate "2021.??.??"]
[EventType "blitz"]

1. e4 e5 2. Nf3 d5 3. exd5 e4 4. Qe2 Nf6 5. d3 Bb4+ 6. Bd2 O-O 7. Bxb4 exf3 8.
Qxf3 Re8+ 9. Kd2 Nxd5 10. Bc5 b6 11. Be3 Bb7 12. Qg3 Nc6 13. Nc3 Nxc3 14. bxc3
Ne5 15. d4 Ng6 16. Bd3 c5 17. h4 cxd4 18. cxd4 Be4 19. h5 Nf8 20. h6 g6 21.
Bxe4 Rxe4 22. c3 Rc8 23. Qg5 Qc7 24. Rac1 Qc6 25. Rhe1 Qa4 26. Rc2 Qc6 27. f3
Re6 28. Bf2 Rce8 29. Rxe6 Qxe6 30. Be3 f6 31. Qf4 Nd7 32. Rc1 g5 33. Qe4 Qf7
34. Qd3 b5 35. Qf5 Nb6 36. Bf2 Qxa2+ 37. Rc2 Nc4+ 38. Kd3 Qb1 39. Qd5+ Kh8 40.
Qg8+ Kxg8 {Normal} 0-1

[Event "Rated Blitz game"]
[Site "?"]
[Date "2021.11.07"]
[Round "?"]
[White "laurens97"]
[Black "Frutek"]
[Result "0-1"]
[WhiteElo "2522"]
[BlackElo "2606"]
[PlyCount "64"]
[EventDate "2021.??.??"]
[EventType "blitz"]

1. e4 e5 2. Nf3 d5 3. exd5 e4 4. Qe2 Nf6 5. Nc3 Bb4 6. Nxe4 O-O 7. Nxf6+ Qxf6
8. Qc4 a5 9. Bd3 b6 10. O-O Ba6 11. Qe4 Bxd3 12. Qxd3 Nd7 13. c3 Bd6 14. Qc2 b5
15. d4 Nb6 16. Qe4 Rfe8 17. Qg4 Nxd5 18. Bg5 Qg6 19. Qd7 h6 20. Bd2 c6 21. Rfe1
Red8 22. Qh3 c5 23. Rad1 c4 24. Rc1 Bf4 25. Be3 Re8 26. Nh4 Qg5 27. Nf5 h5 28.
g3 g6 29. Qh4 Qxh4 30. Nxh4 Nxe3 31. fxe3 Bxe3+ 32. Kg2 Bxc1 {Normal} 0-1

[Event "Rated Blitz game"]
[Site "?"]
[Date "2021.11.07"]
[Round "?"]
[White "Thoschi"]
[Black "Annali-annaliew1979"]
[Result "1-0"]
[WhiteElo "2472"]
[BlackElo "2448"]
[PlyCount "123"]
[EventDate "2021.??.??"]
[EventType "blitz"]

1. e4 e5 2. Nf3 d5 3. exd5 e4 4. Qe2 f5 5. d3 Nf6 6. Nbd2 Be7 7. dxe4 fxe4 8.
Nxe4 Nxe4 9. Qxe4 O-O 10. Bc4 Bb4+ 11. Kd1 Bd6 12. Bg5 Qe8 13. Qxe8 Rxe8 14.
Re1 Bd7 15. Rxe8+ Bxe8 16. Kd2 Nd7 17. Re1 Bh5 18. Nd4 Ne5 19. Bb3 h6 20. Bh4
a5 21. Bg3 Re8 22. Nf5 b5 23. Nxd6 cxd6 24. Bxe5 dxe5 25. d6+ Bf7 26. d7 Rd8
27. Bxf7+ Kxf7 28. Rxe5 Rxd7+ 29. Ke2 Rc7 30. c3 b4 31. Rxa5 bxc3 32. bxc3 Rxc3
33. h4 Rc2+ 34. Kf3 g6 35. g3 h5 36. Ra6 Rc3+ 37. Ke2 Rc2+ 38. Ke3 Rb2 39. f3
Rg2 40. Kf4 Rb2 41. g4 Rb4+ 42. Kg3 hxg4 43. fxg4 Kg7 44. h5 gxh5 45. gxh5 Kh7
46. h6 Rc4 47. Kf3 Rb4 48. Ke3 Rh4 49. Kd3 Rh3+ 50. Kc4 Rh4+ 51. Kd5 Rh5+ 52.
Ke4 Rb5 53. a4 Rb1 54. Kd5 Rc1 55. a5 Rc2 56. Rd6 Rd2+ 57. Kc6 Rc2+ 58. Kd7 Ra2
59. a6 Ra5 60. Kc7 Rc5+ 61. Kb7 Rc2 62. a7 {Normal} 1-0

[Event "Rated Blitz game"]
[Site "?"]
[Date "2021.11.07"]
[Round "?"]
[White "camefortherun"]
[Black "Roberto_Baggio1978"]
[Result "1-0"]
[WhiteElo "2645"]
[BlackElo "2579"]
[PlyCount "49"]
[EventDate "2021.??.??"]
[EventType "blitz"]

1. e4 e5 2. Nf3 d5 3. Nxe5 Bd6 4. d4 dxe4 5. Bc4 Bxe5 6. dxe5 Qxd1+ 7. Kxd1 Nc6
8. Bd5 Bg4+ 9. Ke1 O-O-O 10. Nc3 Nge7 11. Bxe4 Rhe8 12. f4 f6 13. exf6 gxf6 14.
Kf2 Bf5 15. Re1 Nd4 16. Be3 Nxc2 17. Bxc2 Bxc2 18. Rac1 Bd3 19. a4 Nf5 20. Bd2
c6 21. g4 Nd4 22. Rxe8 Rxe8 23. Be3 Nc2 24. Bxa7 Kd7 25. Rd1 {Normal} 1-0

[Event "Rated Blitz game"]
[Site "?"]
[Date "2021.11.07"]
[Round "?"]
[White "luchok123"]
[Black "khalid_ontawar"]
[Result "1-0"]
[WhiteElo "2470"]
[BlackElo "2442"]
[PlyCount "37"]
[EventDate "2021.??.??"]
[EventType "blitz"]

1. e4 e5 2. Nf3 d5 3. d4 dxe4 4. Nxe5 Be6 5. Bc4 Bxc4 6. Nxc4 Nf6 7. O-O Nc6 8.
c3 Bd6 9. Bg5 O-O 10. Nbd2 Re8 11. Qc2 h6 12. Bxf6 Qxf6 13. Nxe4 Bxh2+ 14. Kxh2
Qh4+ 15. Kg1 Rxe4 16. Rae1 Rae8 17. Rxe4 Rxe4 18. g3 Re8 19. gxh4 {Normal} 1-0

[Event "Rated Blitz game"]
[Site "?"]
[Date "2021.11.07"]
[Round "?"]
[White "RCordero"]
[Black "Tuzibaba"]
[Result "0-1"]
[WhiteElo "2710"]
[BlackElo "2544"]
[PlyCount "70"]
[EventDate "2021.??.??"]
[EventType "blitz"]

1. e4 e5 2. Nf3 d5 3. Nxe5 dxe4 4. d4 Bd6 5. Nc4 Nf6 6. Nc3 O-O 7. Nxd6 Qxd6 8.
Be2 Bf5 9. O-O Nc6 10. Be3 Rad8 11. Nb5 Qe7 12. c4 a6 13. Nc3 Bg6 14. h3 Rfe8
15. Qd2 Ne5 16. dxe5 Rxd2 17. exf6 Qd8 18. Bxd2 Qxd2 19. fxg7 Qxb2 20. Nd5 Kxg7
21. Rfe1 c6 22. Ne3 Rd8 23. Rab1 Qc3 24. h4 h5 25. Rec1 Qd2 26. Rc2 Qd7 27. c5
Qe7 28. Nc4 Qxc5 29. Rxb7 e3 30. Rc1 exf2+ 31. Kf1 Qd4 32. Rd1 Qxh4 33. Rxd8
Qxd8 34. Kxf2 Qd4+ 35. Kf1 Bd3 {Normal} 0-1

[Event "Rated Blitz game"]
[Site "?"]
[Date "2021.11.07"]
[Round "?"]
[White "barbosean"]
[Black "Schachelite"]
[Result "1-0"]
[WhiteElo "2447"]
[BlackElo "2466"]
[PlyCount "63"]
[EventDate "2021.??.??"]
[EventType "blitz"]

1. e4 e5 2. Nf3 d5 3. exd5 e4 4. Ne5 Qxd5 5. d4 exd3 6. Nxd3 Nc6 7. Nc3 Qf5 8.
Nf4 Bd6 9. Bd3 Qe5+ 10. Be3 Nf6 11. h3 O-O 12. Qf3 Nd4 13. Qg3 Bf5 14. O-O-O
Bxd3 15. Rxd3 Nf5 16. Qf3 Nxe3 17. fxe3 Rfe8 18. Kb1 b5 19. g4 b4 20. Nce2 Ne4
21. Nd4 a5 22. Nf5 Bc5 23. Rhd1 a4 24. Rd5 Qf6 25. Nh5 Nc3+ 26. bxc3 Qxc3 27.
R5d3 Qe5 28. Nfxg7 a3 29. Rb3 Red8 30. Rf1 Qe7 31. Nf5 Qd7 32. Nf6+ {Normal}
1-0

[Event "Rated Blitz tournament ODvioVgO"]
[Site "?"]
[Date "2021.11.07"]
[Round "?"]
[White "GMJOEY93"]
[Black "yevkool1983"]
[Result "0-1"]
[WhiteElo "2767"]
[BlackElo "2324"]
[PlyCount "92"]
[EventDate "2021.??.??"]
[EventType "blitz"]

1. e4 e5 2. Nf3 d5 3. d4 dxe4 4. Nxe5 Be6 5. Nc3 c6 6. Nxe4 Nd7 7. Nf3 Ngf6 8.
Bd3 Nxe4 9. Bxe4 Nf6 10. Bd3 Bd6 11. O-O h6 12. Re1 Qd7 13. Ne5 Bxe5 14. dxe5
Nd5 15. Qf3 O-O-O 16. a3 Bg4 17. Qg3 g5 18. Bd2 Be6 19. Bb4 Nxb4 20. axb4 a6
21. Qe3 Qd4 22. Qxd4 Rxd4 23. b5 cxb5 24. Bxb5 Rhd8 25. Bd3 h5 26. h3 g4 27. h4
Rg8 28. Kh2 Bd5 29. Kg3 Be6 30. Re4 Rgd8 31. Rae1 R4d7 32. Rf4 Rc7 33. Bf5 Rc5
34. c3 Rd2 35. Bxe6+ fxe6 36. Rf6 Rxb2 37. Re3 Rb6 38. Rh6 a5 39. Rxh5 Kb8 40.
Rh8+ Ka7 41. h5 a4 42. h6 a3 43. h7 a2 44. Ra8+ Kxa8 45. h8=Q+ Ka7 46. Qf8 Ra5
{Time forfeit} 0-1

[Event "Rated Blitz game"]
[Site "?"]
[Date "2021.11.07"]
[Round "?"]
[White "carlodoctolero"]
[Black "Gillamenace"]
[Result "1-0"]
[WhiteElo "2455"]
[BlackElo "2400"]
[PlyCount "49"]
[EventDate "2021.??.??"]
[EventType "blitz"]

1. e4 e5 2. Nf3 d5 3. Nc3 d4 4. Ne2 d3 5. Ng3 dxc2 6. Qxc2 Nc6 7. Bc4 Bd6 8. a3
Nf6 9. O-O Bg4 10. Ng5 O-O 11. h3 Nd4 12. Qc3 Be6 13. Nxe6 fxe6 14. d3 Kh8 15.
Be3 Nc6 16. Bxe6 Qe8 17. Ba2 Qg6 18. Bc5 h5 19. Bxd6 cxd6 20. Nf5 d5 21. f3 d4
22. Qb3 Rab8 23. Nd6 b6 24. Qe6 Kh7 25. Rac1 {Normal} 1-0

[Event "Rated Blitz game"]
[Site "?"]
[Date "2021.11.07"]
[Round "?"]
[White "AlgernonBlackwood"]
[Black "TgrKnttr"]
[Result "0-1"]
[WhiteElo "2272"]
[BlackElo "2412"]
[PlyCount "38"]
[EventDate "2021.??.??"]
[EventType "blitz"]

1. e4 e5 2. Nf3 d5 3. exd5 Qxd5 4. Nc3 Qc5 5. d4 exd4 6. Nxd4 Nf6 7. Be2 Be7 8.
O-O O-O 9. Be3 Qa5 10. Ncb5 c5 11. Nb3 Qb6 12. Bf4 Rd8 13. Qe1 Na6 14. a4 Nd5
15. Bg3 Nab4 16. Qc1 Qg6 17. c3 Nc2 18. Ra2 Be6 19. c4 Ndb4 {Normal} 0-1

[Event "Rated Blitz tournament xEHdF8T0"]
[Site "?"]
[Date "2021.11.07"]
[Round "?"]
[White "Mayangnabila"]
[Black "om_gendut"]
[Result "1-0"]
[WhiteElo "2244"]
[BlackElo "2470"]
[PlyCount "99"]
[EventDate "2021.??.??"]
[EventType "blitz"]

1. e4 e5 2. Nf3 d5 3. d4 dxe4 4. Nxe5 Bd6 5. Nc4 Be7 6. Be2 Nf6 7. O-O O-O 8.
Bg5 Bf5 9. c3 Nbd7 10. Nbd2 Bg6 11. a4 Nb6 12. a5 Nxc4 13. Nxc4 a6 14. b4 Nd5
15. Bxe7 Qxe7 16. Qb3 Nf4 17. Rfe1 Qg5 18. g3 Nxe2+ 19. Rxe2 Rae8 20. Ne3 Kh8
21. h4 Qd8 22. Rf1 f5 23. Rfe1 Bh5 24. Rd2 f4 25. Ng2 fxg3 26. fxg3 Bf3 27. Kh2
Qf6 28. Re3 Qh6 29. c4 g5 30. d5 Bxg2 31. Rxg2 gxh4 32. Qc3+ Rf6 33. gxh4 Qxh4+
34. Rh3 Qf4+ 35. Rhg3 e3 36. Re2 h5 37. Rexe3 Rg8 38. Ref3 Qh4+ 39. Kg2 Rxg3+
40. Rxg3 Qf4 41. Rg6 Qf1+ 42. Kh2 Qf2+ 43. Rg2 Qf4+ 44. Rg3 Qf2+ 45. Kh3 Qf5+
46. Kh2 Kh7 47. Rg2 Qf4+ 48. Qg3 Qf5 49. Qg8+ Kh6 50. Qh8+ {Time forfeit} 1-0

[Event "Rated Blitz game"]
[Site "?"]
[Date "2021.11.07"]
[Round "?"]
[White "Mind_Explorer1"]
[Black "Super_AK_1"]
[Result "0-1"]
[WhiteElo "2353"]
[BlackElo "2595"]
[PlyCount "20"]
[EventDate "2021.??.??"]
[EventType "blitz"]

1. e4 e5 2. Nf3 d5 3. exd5 Qxd5 4. d3 Be6 5. Bg5 Bc5 6. Bh4 Nc6 7. Qe2 f6 8.
Nbd2 Qd7 9. O-O-O Bxa2 10. b3 Ba3# {Normal} 0-1

[Event "Rated Blitz game"]
[Site "?"]
[Date "2021.11.07"]
[Round "?"]
[White "Valeriya64"]
[Black "geptil"]
[Result "0-1"]
[WhiteElo "2472"]
[BlackElo "2481"]
[PlyCount "94"]
[EventDate "2021.??.??"]
[EventType "blitz"]

1. e4 e5 2. Nf3 d5 3. Nxe5 Bd6 4. d4 dxe4 5. Bc4 Bxe5 6. dxe5 Qxd1+ 7. Kxd1 Nc6
8. Bf4 Nge7 9. Nc3 Ng6 10. Bg3 Ncxe5 11. Bb5+ c6 12. Be2 f5 13. h4 h5 14. a4 f4
15. Bh2 Bf5 16. Kc1 O-O-O 17. a5 Ng4 18. Nd1 Rhe8 19. a6 b6 20. Ra3 Rd4 21. Bg1
N4e5 22. Bxh5 f3 23. gxf3 exf3 24. Bxg6 Bxg6 25. h5 Be4 26. Re3 Ng4 27. Re1
Red8 28. Bh2 Rxd1+ 29. Rxd1 Rxd1+ 30. Rxd1 Nxh2 31. Rd4 Bd5 32. c4 Be6 33. Kd2
Ng4 34. Re4 Kd7 35. Ke1 c5 36. Rf4 Ke7 37. Re4 Kf6 38. Rf4+ Ke5 39. Rxf3 Bxc4
40. Rg3 Kf4 41. Rc3 Bxa6 42. Ra3 Bc4 43. Rxa7 Nf6 44. Rxg7 Nxh5 45. Rh7 Kg5 46.
Rb7 b5 47. Rb6 Nf4 {Time forfeit} 0-1

[Event "Rated Blitz game"]
[Site "?"]
[Date "2021.11.07"]
[Round "?"]
[White "zemerov"]
[Black "DOOGE228"]
[Result "0-1"]
[WhiteElo "2476"]
[BlackElo "2439"]
[PlyCount "84"]
[EventDate "2021.??.??"]
[EventType "blitz"]

1. e4 e5 2. Nf3 d5 3. exd5 e4 4. Qe2 Nf6 5. d3 Qxd5 6. Ng5 Be7 7. Nxe4 O-O 8.
Nbc3 Qc6 9. g3 Bg4 10. f3 Bf5 11. Bg2 Qb6 12. g4 Bg6 13. h4 h5 14. g5 Nfd7 15.
a3 Nc6 16. Rb1 Nd4 17. Qf2 c5 18. Nd5 Qd8 19. c3 Nf5 20. Bd2 Re8 21. Kf1 Bf8
22. Nf4 Ne5 23. Nxg6 Qxd3+ 24. Kg1 Qxb1+ 25. Kh2 Qxb2 26. Nxe5 Rxe5 27. f4 Ree8
28. Bh3 Rxe4 29. Bxf5 Ree8 30. g6 Rad8 31. gxf7+ Kxf7 32. Rd1 g6 33. Bh3 Qc2
34. f5 Bd6+ 35. Kg2 gxf5 36. Bxf5 Rg8+ 37. Bg4+ Ke8 38. Qe2+ Be7 39. Kf1 Rxg4
40. Qe6 Qxd1+ 41. Kf2 Rxd2+ 42. Ke3 Qe2# {Normal} 0-1

[Event "Rated Blitz game"]
[Site "?"]
[Date "2021.11.07"]
[Round "?"]
[White "DoubleSlipExperiment"]
[Black "mirekkk14"]
[Result "1/2-1/2"]
[WhiteElo "2454"]
[BlackElo "2403"]
[PlyCount "75"]
[EventDate "2021.??.??"]
[EventType "blitz"]

1. e4 e5 2. Nf3 d5 3. exd5 e4 4. Ne5 Qxd5 5. d4 exd3 6. Nxd3 Nf6 7. Nc3 Qf5 8.
Be2 Bd6 9. O-O O-O 10. Bf3 Nc6 11. a4 a6 12. Re1 Nd4 13. Re3 Qg6 14. Nd5 Nxf3+
15. Qxf3 Ng4 16. Ne5 Nxe5 17. Rxe5 Bxe5 18. Ne7+ Kh8 19. Nxg6+ hxg6 20. c3 c6
21. Bf4 Bf6 22. Rd1 Be6 23. h3 Rfd8 24. Rxd8+ Rxd8 25. g4 g5 26. Be3 Rd3 27.
Qe4 Rd6 28. Qf3 Kg8 29. Bd4 Bxd4 30. cxd4 Rxd4 31. Qe3 Rf4 32. Qe5 Rxa4 33.
Qxg5 Bd5 34. Qd8+ Kh7 35. Qh4+ Kg8 36. Qd8+ Kh7 37. Qh4+ Kg8 38. Qd8+ {Normal}
1/2-1/2

[Event "Rated Blitz game"]
[Site "?"]
[Date "2021.11.07"]
[Round "?"]
[White "Campeondepaz"]
[Black "blastol"]
[Result "1-0"]
[WhiteElo "2369"]
[BlackElo "2533"]
[PlyCount "55"]
[EventDate "2021.??.??"]
[EventType "blitz"]

1. e4 e5 2. Nf3 d5 3. exd5 Bd6 4. d4 e4 5. Ne5 Nf6 6. Nc3 O-O 7. Bg5 Re8 8. Be2
Bb4 9. O-O Bf5 10. Bc4 Bd6 11. f3 e3 12. f4 c5 13. dxc6 Nxc6 14. Bxf7+ Kh8 15.
Bxe8 Qxe8 16. Bxf6 gxf6 17. Nxc6 bxc6 18. Qe2 Rb8 19. b3 Bb4 20. Na4 Qe4 21. c3
Bd6 22. Rae1 Rg8 23. Qf3 Bxf4 24. Qxe4 Bxe4 25. Rxf4 Rxg2+ 26. Kf1 Bd5 27. Re2
Rg6 28. Rxe3 {Normal} 1-0

[Event "Rated Blitz game"]
[Site "?"]
[Date "2021.11.07"]
[Round "?"]
[White "Nicah"]
[Black "khalid_ontawar"]
[Result "1-0"]
[WhiteElo "2525"]
[BlackElo "2455"]
[PlyCount "45"]
[EventDate "2021.??.??"]
[EventType "blitz"]

1. e4 e5 2. Nf3 d5 3. exd5 e4 4. Qe2 Nf6 5. Nc3 Bf5 6. Nh4 Bg6 7. Nxg6 hxg6 8.
Nxe4 Nxe4 9. Qxe4+ Be7 10. Bb5+ c6 11. dxc6 bxc6 12. Bxc6+ Nxc6 13. Qxc6+ Kf8
14. O-O Rc8 15. Qe4 Bd6 16. g3 Qc7 17. c3 Re8 18. Qf3 Rh5 19. d4 Rf5 20. Qd3
Kg8 21. Bd2 g5 22. Rae1 Rb8 23. Qxf5 {Normal} 1-0

[Event "Rated Blitz game"]
[Site "?"]
[Date "2021.11.07"]
[Round "?"]
[White "S_Guliev"]
[Black "geptil"]
[Result "0-1"]
[WhiteElo "2597"]
[BlackElo "2496"]
[PlyCount "38"]
[EventDate "2021.??.??"]
[EventType "blitz"]

1. e4 e5 2. Nf3 d5 3. exd5 e4 4. Nd4 Qxd5 5. c3 Nc6 6. Nxc6 Qxc6 7. Qb3 Bd7 8.
Be2 O-O-O 9. O-O Qg6 10. Kh1 Nf6 11. f3 Bc5 12. fxe4 Nxe4 13. Bf3 Bc6 14. d4
Bd6 15. d5 Bd7 16. Qc4 Ng5 17. Bxg5 Qxg5 18. Nd2 Qh6 19. h3 Qxd2 {Normal} 0-1

[Event "Rated Blitz game"]
[Site "?"]
[Date "2021.11.07"]
[Round "?"]
[White "AdamsinKuarejma"]
[Black "Fantastic_power06"]
[Result "1-0"]
[WhiteElo "2809"]
[BlackElo "2819"]
[PlyCount "113"]
[EventDate "2021.??.??"]
[EventType "blitz"]

1. e4 e5 2. Nf3 d5 3. exd5 e4 4. Qe2 Nf6 5. Nc3 Be7 6. Nxe4 O-O 7. Nxf6+ Bxf6
8. d4 Qxd5 9. c3 c5 10. dxc5 Qxc5 11. Qc2 Bf5 12. Bd3 Bxd3 13. Qxd3 Rd8 14. Qe3
Qb5 15. Qe2 Qh5 16. O-O Nc6 17. Bf4 Qf5 18. Bg3 h5 19. Rad1 g5 20. h3 Kg7 21.
Rxd8 Rxd8 22. Rd1 Rd5 23. Rxd5 Qxd5 24. Nd2 h4 25. Bh2 Qxa2 26. Nf1 Bxc3 27.
Qb5 Bf6 28. Qxb7 Nd4 29. Bd6 Qb1 30. Qa6 Qd1 31. Bf8+ Kxf8 32. Qxf6 Ne6 33.
Qh8+ Ke7 34. Qe5 f6 35. Qa5 Nf4 36. Qxa7+ Kf8 37. Qb8+ Kg7 38. Qb7+ Kg6 39. g3
hxg3 40. fxg3 Nxh3+ 41. Kg2 Qe2+ 42. Kxh3 Qxf1+ 43. Kh2 Qf2+ 44. Qg2 Qb6 45.
Qc2+ f5 46. b3 Kf6 47. Qg2 Qe6 48. Qb2+ Qe5 49. Qc2 Qe6 50. Qc3+ Qe5 51. Qc4
Qe6 52. Qxe6+ Kxe6 53. g4 Kd5 54. gxf5 Ke5 55. f6 Kf5 56. b4 Kxf6 57. b5 {
Time forfeit} 1-0

[Event "Rated Blitz game"]
[Site "?"]
[Date "2021.11.07"]
[Round "?"]
[White "Malakhov_Igor"]
[Black "elcabusin"]
[Result "1-0"]
[WhiteElo "2660"]
[BlackElo "2599"]
[PlyCount "53"]
[EventDate "2021.??.??"]
[EventType "blitz"]

1. e4 e5 2. Nf3 d5 3. Nxe5 Bd6 4. d4 dxe4 5. Nc4 Nf6 6. Nc3 O-O 7. Bg5 Bf5 8.
Nxd6 Qxd6 9. Bc4 Nc6 10. d5 Ne5 11. Bb3 Rad8 12. Qd2 h6 13. Bf4 a6 14. h3 Rfe8
15. O-O-O b5 16. g4 Bh7 17. g5 hxg5 18. Bxg5 Nf3 19. Qf4 Nxg5 20. Qxg5 Re5 21.
Qg2 a5 22. Rhg1 Bg6 23. Nxb5 Qb6 24. Nc3 e3 25. f4 Rh5 26. d6 Kh7 27. Bxf7 {
Normal} 1-0